000 00499nam a2200181Ia 4500
999 _c29769
_d29769
003 OSt
005 20201221112918.0
008 190216s9999||||xx |||||||||||||| ||und||
020 _a9788126425419
040 _coclc
082 _a894.8121
_bALI/A
100 _aAli, Anvar
_97718
245 0 _aAdiyadi Alanja Marangale /
_cAnvar Ali
260 _bD C Books,
_c2009.
_aKottayam:
300 _a71p
650 _aKavithkal
942 _cBK
_2ddc
_h894.8121
_iALI/A
_k894.8121
_mALI/A